[Event "Test Tournament"]
[Site "Emanuel Lasker Arena"]
[Date "2024.04.09"]
[Round "1"]
[White "AlphaHero"]
[Black "Leuwe"]
[Result "*"]
[WhiteElo "2021"]
[BlackElo "2285"]
[Annotator "RC"]
[PlyCount "71"]
[EventDate "2024.04.09"]
[EventType "swiss (blitz)"]

{AlphaHero resigns Leuwe resigns} 1. d4 {[%emt 0:00:01]} Nf6 {[%emt 0:00:01]} 2. c4 {[%emt 0:00:01]} e6 {[%emt 0:00:00]} 3. g3 {[%emt 0:00:01]} d5 {[%emt 0:00:01]} 4. Bg2 {[%emt 0:00:01]} Be7 {[%emt 0:00:01]} 5. Nf3 {[%emt 0:00:01]} O-O {[%emt 0:00:00]} 6. O-O {[%emt 0:00:01]} dxc4 {[%emt 0:00:01]} 7. Qc2 {[%emt 0:00:01]} a6 {[%emt 0:00:01]} 8. a4 {[%emt 0:00:01]} Bd7 {[%emt 0:00:01]} 9. Qxc4 {[%emt 0:00:01]} Bc6 {[%emt 0:00:01]} 10. Bg5 {[%emt 0:00:01]} Nbd7 {[%emt 0:00:01]} 11. Nc3 {[%emt 0:00:01]} h6 {[%emt 0:00:01]} 12. Bxf6 {[%emt 0:00:01]} Bxf6 {[%emt 0:00:01]} 13. Rfd1 {[%emt 0:00:01]} Nb6 {[%emt 0:00:01]} 14. Qd3 {[%emt 0:00:02]} a5 {[%emt 0:00:01]} 15. e4 {[%emt 0:00:04]} Qd7 {[%emt 0:00:04]} 16. Ne5 {[%emt 0:00:04]} Bxe5 {[%emt 0:00:01]} 17. dxe5 {[%emt 0:00:01]} Qxd3 {[%emt 0:00:01]} 18. Rxd3 {[%emt 0:00:01]} Nc4 {[%emt 0:00:06]} 19. Nb5 {[%emt 0:00:04]} Bxb5 {[%emt 0:00:01]} 20. axb5 {[%emt 0:00:01]} Nxe5 {[%emt 0:00:01]} 21. Rc3 {[%emt 0:00:03]} Rfc8 {[%emt 0:00:07]} 22. f4 {[%emt 0:00:02]} Ng4 {[%emt 0:00:03]} 23. e5 {[%emt 0:00:03]} Rd8 {[%emt 0:00:03]} 24. h3 {[%emt 0:00:02]} c6 {[%emt 0:00:02]} 25. Rf1 {[%emt 0:00:01]} Nxe5 {[%emt 0:00:02]} 26. fxe5 {[%emt 0:00:01]} cxb5 {[%emt 0:00:01]} 27. Bxb7 {[%emt 0:00:01]} b4 {[%emt 0:00:01]} 28. Rc7 {[%emt 0:00:02]} Rab8 {[%emt 0:00:02]} 29. Rfxf7 {[%emt 0:00:00]} Rd1+ {[%emt 0:00:02]} 30. Rf1 {[%emt 0:00:01]} Rd2 {[%emt 0:00:02]} 31. Rf2 {[%emt 0:00:02]} Rbd8 {[%emt 0:00:02]} 32. Be4 {[%emt 0:00:02]} a4 {[%emt 0:00:01]} 33. Rc2 {[%emt 0:00:02]} Rxc2 {[%emt 0:00:01]} 34. Bxc2 {[%emt 0:00:01]} b3 {[%emt 0:00:01]} 35. Bf5 {[%emt 0:00:01]} exf5 {[%emt 0:00:01]} 36. Rxf5 {[%emt 0:00:01]} *

[Event "Test Tournament"]
[Site "Emanuel Lasker Arena"]
[Date "2024.04.09"]
[Round "1"]
[White "NicholasRenzi"]
[Black "Melancholia"]
[Result "1-0"]
[WhiteElo "2017"]
[BlackElo "1620"]
[Annotator "RC"]
[PlyCount "109"]
[EventDate "2024.04.09"]
[EventType "swiss (blitz)"]

1. Nf3 {[%emt 0:00:01]} c5 {[%emt 0:00:02]} 2. g3 {[%emt 0:00:01]} Nf6 {[%emt 0:00:00]} 3. Bg2 {[%emt 0:00:01]} Nc6 {[%emt 0:00:01]} 4. O-O {[%emt 0:00:01]} d5 {[%emt 0:00:01]} 5. d3 {[%emt 0:00:01]} e5 {[%emt 0:00:00]} 6. c4 {[%emt 0:00:01]} dxc4 {[%emt 0:00:01]} 7. dxc4 {[%emt 0:00:01]} Bf5 {[%emt 0:00:04]} 8. Nc3 {[%emt 0:00:02]} Be7 {[%emt 0:00:01]} 9. Qxd8+ {[%emt 0:00:01]} Rxd8 {[%emt 0:00:00]} 10. Ng5 {[%emt 0:00:04]} Rd4 {[%emt 0:00:04]} 11. e4 {[%emt 0:00:04]} Bg4 {[%emt 0:00:04]} 12. f3 {[%emt 0:00:04]} Bh5 {[%emt 0:00:04]} 13. Nd5 {[%emt 0:00:03]} Rxc4 {[%emt 0:00:01]} 14. b3 {[%emt 0:00:03]} Nxd5 {[%emt 0:00:03]} 15. exd5 {[%emt 0:00:01]} Rxc1 {[%emt 0:00:01]} 16. Rfxc1 {[%emt 0:00:01]} Bxg5 {[%emt 0:00:01]} 17. dxc6 {[%emt 0:00:01]} Bxc1 {[%emt 0:00:01]} 18. Rxc1 {[%emt 0:00:01]} bxc6 {[%emt 0:00:01]} 19. Rxc5 {[%emt 0:00:01]} O-O {[%emt 0:00:02]} 20. Rxe5 {[%emt 0:00:01]} f5 {[%emt 0:00:02]} 21. f4 {[%emt 0:00:02]} Re8 {[%emt 0:00:02]} 22. Rxf5 {[%emt 0:00:01]} Re2 {[%emt 0:00:02]} 23. Rxh5 {[%emt 0:00:01]} Rxa2 {[%emt 0:00:01]} 24. Be4 {[%emt 0:00:02]} g6 {[%emt 0:00:02]} 25. Re5 {[%emt 0:00:02]} Rb2 {[%emt 0:00:02]} 26. Re7 {[%emt 0:00:02]} Rxb3 {[%emt 0:00:01]} 27. Rxa7 {[%emt 0:00:01]} Rb4 {[%emt 0:00:01]} 28. Bxc6 {[%emt 0:00:01]} Rb1+ {[%emt 0:00:01]} 29. Kf2 {[%emt 0:00:01]} Rb2+ {[%emt 0:00:01]} 30. Kg1 {[%emt 0:00:01]} Rc2 {[%emt 0:00:01]} 31. Be4 {[%emt 0:00:01]} Re2 {[%emt 0:00:01]} 32. Bf3 {[%emt 0:00:01]} Rb2 {[%emt 0:00:01]} 33. Rd7 {[%emt 0:00:01]} Kh8 {[%emt 0:00:01]} 34. Be4 {[%emt 0:00:01]} Re2 {[%emt 0:00:01]} 35. Bf3 {[%emt 0:00:01]} Ra2 {[%emt 0:00:01]} 36. Bd5 {[%emt 0:00:01]} Rd2 {[%emt 0:00:01]} 37. g4 {[%emt 0:00:01]} h5 {[%emt 0:00:01]} 38. g5 {[%emt 0:00:01]} h4 {[%emt 0:00:01]} 39. h3 {[%emt 0:00:01]} Rd3 {[%emt 0:00:01]} 40. Kg2 {[%emt 0:00:01]} Rg3+ {[%emt 0:00:01]} 41. Kh2 {[%emt 0:00:01]} Rd3 {[%emt 0:00:00]} 42. f5 {[%emt 0:00:01]} gxf5 {[%emt 0:00:00]} 43. g6 {[%emt 0:00:00]} Rd2+ {[%emt 0:00:00]} 44. Kg1 {[%emt 0:00:01]} Rd1+ {[%emt 0:00:00]} 45. Kf2 {[%emt 0:00:00]} Rxd5 {[%emt 0:00:00]} 46. Rxd5 {[%emt 0:00:00]} Kg7 {[%emt 0:00:00]} 47. Kf3 {[%emt 0:00:00]} Kxg6 {[%emt 0:00:00]} 48. Kf4 {[%emt 0:00:00]} Kf6 {[%emt 0:00:01]} 49. Rd7 {[%emt 0:00:00]} Ke6 {[%emt 0:00:00]} 50. Rh7 {[%emt 0:00:01]} Kd6 {[%emt 0:00:00]} 51. Ra7 {[%emt 0:00:01]} Kc5 {[%emt 0:00:00]} 52. Rh7 {[%emt 0:00:00]} Kc4 {[%emt 0:00:01]} 53. Re7 {[%emt 0:00:01]} Kd3 {[%emt 0:00:00]} 54. Rh7 {[%emt 0:00:00]} Ke2 {[%emt 0:00:01] '} 55. Rxh4 {[%emt 0:00:00] (Lag: Av=0.07s, max=0.5s)} 1-0

[Event "Test Tournament"]
[Site "Emanuel Lasker Arena"]
[Date "2024.04.09"]
[Round "1"]
[White "NicholasRenzi"]
[Black "Dominatrix"]
[Result "0-1"]
[WhiteElo "2016"]
[BlackElo "1733"]
[Annotator "RC"]
[PlyCount "28"]
[EventDate "2024.04.09"]
[EventType "swiss (blitz)"]

1. Nf3 {[%emt 0:00:01]} c6 {[%emt 0:00:02]} 2. c4 {[%emt 0:00:01]} d5 {[%emt 0:00:01]} 3. e3 {[%emt 0:00:01]} Nf6 {[%emt 0:00:01]} 4. Nc3 {[%emt 0:00:01]} g6 {[%emt 0:00:01]} 5. d4 {[%emt 0:00:01]} Bg7 {[%emt 0:00:01]} 6. Be2 {[%emt 0:00:01]} O-O {[%emt 0:00:02]} 7. O-O {[%emt 0:00:01]} a6 {[%emt 0:00:01]} 8. a4 {[%emt 0:00:01]} Qd6 {[%emt 0:00:01]} 9. a5 {[%emt 0:00:03]} Ne4 {[%emt 0:00:04]} 10. Qc2 {[%emt 0:00:02]} Bf5 {[%emt 0:00:01]} 11. Qb3 {[%emt 0:00:01]} dxc4 {[%emt 0:00:01]} 12. Qxb7 {[%emt 0:00:01]} Nd7 {[%emt 0:00:04]} 13. Bxc4 {[%emt 0:00:01]} e6 {[%emt 0:00:03]} 14. Rd1 {[%emt 0:00:01]} Rfe8 {[%emt 0:00:03] Dominatrix resigns NicholasRenzi resigns (Lag: Av=0.06s, max=0.1s)} 0-1

[Event "Test Tournament"]
[Site "Emanuel Lasker Arena"]
[Date "2024.04.02"]
[Round "1"]
[White "ArrowPlay"]
[Black "Thomas Kydd"]
[Result "0-1"]
[WhiteElo "1996"]
[BlackElo "2445"]
[Annotator "TA"]
[PlyCount "92"]
[EventDate "2024.04.02"]
[EventType "swiss (blitz)"]

{[%evp 15,91,0,12,8,18,-111,-115,-154,-65,-64,-71,-135,-133,-133,-134,-135,-100,-98,-97,-130,-128,-140,-116,-122,-102,-95,-88,-183,-132,-142,-58,-59,-20,-191,-197,-348,-347,-571,-205,-338,-358,-351,-345,-380,-387,-396,-397,-508,-501,-674,-660,-29990,-29991,-29991,-29992,-29992,-29991,-29991,-29988,-29988,-29988,-29988,-29989,-29989,-29990,-29991,-29992,-29993,-29994,-29995,-29996,-29996,-29996,-29996,-29997,-29998,-29999,-29999]} 1. e4 {[%emt 0:00:01]} e5 {[%emt 0:00:01]} 2. Nf3 {[%emt 0:00:01]} Nc6 {[%emt 0:00:01]} 3. Bb5 {[%emt 0:00:01][%cal Bf1b5,Bb5a4,Ba4b3][%mdl 32]} a6 {[%emt 0:00:01]} 4. Ba4 {[%emt 0:00:01]} Nf6 {[%emt 0:00:01]} 5. O-O {[%emt 0:00:01]} Be7 {[%emt 0:00:01]} 6. Qe2 {[%emt 0:00:01]} b5 {[%emt 0:00:01]} 7. Bb3 {[%emt 0:00:01]} O-O {[%emt 0:00:01]} 8. d3 {[%emt 0:00:02]} d6 {[%emt 0:00:01]} 9. a4 {[%emt 0:00:02] Hoping for axb5.} Bg4 {[%emt 0:00:01] White must now prevent ...Nd4.} 10. axb5 {[%emt 0:00:02]} (10. Be3 $11 {keeps the balance.}) 10... Nd4 $17 {[%emt 0:00:01]} (10... axb5 $6 11. Rxa8 Qxa8 12. c3 $11) 11. Qe3 {[%emt 0:00:03] Black is better.} Nxb3 {[%emt 0:00:02]} (11... Nxb5 12. c4 $14) ({Better is} 11... Bxf3 $17 12. gxf3 Nh5 (12... axb5 13. Rxa8 Qxa8 14. f4 $17) (12... Nxb5 13. c3 $15)) 12. cxb3 $15 {[%emt 0:00:01]} axb5 {[%emt 0:00:00]} 13. Na3 {[%emt 0:00:01]} (13. Rxa8 $142 Qxa8 14. b4) 13... b4 $17 {[%emt 0:00:01]} 14. Nc2 {[%emt 0:00:01]} Rxa1 {[%emt 0:00:00]} 15. Nxa1 {[%emt 0:00:00]} Qa8 {[%emt 0:00:02]} 16. Nc2 {[%emt 0:00:02]} c5 {[%emt 0:00:02]} 17. h3 {[%emt 0:00:01]} Be6 {[%emt 0:00:01]} 18. Nd2 {[%emt 0:00:02]} Qa2 {[%emt 0:00:01][%cal Of6h5]} 19. Qf3 {[%emt 0:00:02]} Bxb3 {[%emt 0:00:00] Black is much more active.} 20. Nxb3 {[%emt 0:00:01]} Qxb3 {[%emt 0:00:01]} 21. Ne1 {[%emt 0:00:02]} (21. Ne3 $17) 21... d5 {[%emt 0:00:02]} (21... Rc8 $19 22. Qe3 h6) 22. Qf5 {[%emt 0:00:01]} c4 {[%emt 0:00:02]} (22... Bd6 $17 {Strongly threatening ...dxe4.} 23. exd5 Qxd5) 23. Qxe5 $15 {[%emt 0:00:01]} Bc5 {[%emt 0:00:02]} (23... Re8 {simplifies} 24. exd5 c3 25. d6 Bxd6 26. Qxd6 cxb2 27. Bxb2 Qxb2 28. Nf3 g6) 24. dxc4 $2 {[%emt 0:00:01] This move loses the game for White.} (24. Qc7 $11 Bd4 25. Nf3 Qxd3 (25... Bxb2 26. Bxb2 Qxb2 27. e5 $15) 26. Nxd4 Qxd4 27. exd5) 24... Qxc4 $19 {[%emt 0:00:00] [#] Threatens to win with ...Re8.} 25. Bf4 $2 {[%emt 0:00:02]} (25. Be3 Bxe3 (25... Qxe4 26. Qxe4 Nxe4 27. Bxc5 $15) (25... Nxe4 26. Nf3 $17) 26. fxe3) 25... Nxe4 {[%emt 0:00:01] ...Bd6 is the strong threat.} ({Weaker is} 25... Qxe4 26. Qc7 $17) 26. Nf3 $2 {[%emt 0:00:02]} (26. Be3 Bd6 27. Qf5) 26... Qe2 $2 {[%emt 0:00:01]} (26... Bd6 27. Qf5 g6) 27. Bg3 {[%emt 0:00:02]} (27. Be3 {was worth a try.} Bxe3 28. fxe3) 27... Nxg3 {[%emt 0:00:01]} 28. Qxg3 {[%emt 0:00:01]} Qxb2 {[%emt 0:00:00]} 29. Qg5 {[%emt 0:00:02]} b3 {[%emt 0:00:01]} 30. Qxd5 {[%emt 0:00:01]} Qc2 {[%emt 0:00:02]} 31. Kh2 {[%emt 0:00:02]} b2 {[%emt 0:00:01][%cal Oc5b4] aiming for ...Bb4!} 32. Ne5 {[%emt 0:00:02]} Bxf2 {[%emt 0:00:01]} 33. Nd7 {[%emt 0:00:02]} b1=Q {[%emt 0:00:01] Black mates.} (33... b1=B 34. Nxf8 Qd3 35. Qxd3 Bxd3 36. Rxf2 $16) 34. Rxb1 {[%emt 0:00:01]} Qxb1 {[%emt 0:00:00][%csl Gf2][%cal Rb1g1]} 35. h4 {[%emt 0:00:02]} Qg1+ {[%emt 0:00:02]} 36. Kh3 {[%emt 0:00:01]} Qh1+ {[%emt 0:00:01]} 37. Kg4 {[%emt 0:00:01]} Qxh4+ {[%emt 0:00:00]} 38. Kf3 {[%emt 0:00:01]} Qg3+ {[%emt 0:00:01]} 39. Ke2 {[%emt 0:00:01]} Re8+ {[%emt 0:00:02]} 40. Kd2 {[%emt 0:00:01]} Qf4+ {[%emt 0:00:01]} 41. Kc3 {[%emt 0:00:01]} Re3+ {[%emt 0:00:01]} 42. Kc2 {[%emt 0:00:01]} Qa4+ {[%emt 0:00:02]} 43. Kb2 {[%emt 0:00:01]} Re2+ {[%emt 0:00:01]} 44. Kc3 {[%emt 0:00:01]} Be1+ {[%emt 0:00:02]} 45. Kd3 {[%emt 0:00:01]} Qc2+ {[%emt 0:00:01]} 46. Kd4 {[%emt 0:00:00]} Bf2# {[%emt 0:00:01] Weighted Error Value: White=0.88/Black=0.26 (precise) .  Loses game:     	White=1     	---        Mistake:       	White=6     	Black=4      Inaccurate:     	White=4     	Black=1      OK:         	White=3     	Black=10     Best:        	White=1     	Black=1} 0-1

[Event "Test Tournament"]
[Site "Emanuel Lasker Arena"]
[Date "2024.04.09"]
[Round "1"]
[White "PinPointPro"]
[Black "Antonella"]
[Result "0-1"]
[WhiteElo "1987"]
[BlackElo "2040"]
[Annotator "RC"]
[PlyCount "98"]
[EventDate "2024.04.09"]
[EventType "swiss (blitz)"]

1. d4 {[%emt 0:00:01]} d5 {[%emt 0:00:01]} 2. c4 {[%emt 0:00:01]} e6 {[%emt 0:00:01]} 3. Nf3 {[%emt 0:00:01]} Nf6 {[%emt 0:00:01]} 4. g3 {[%emt 0:00:01]} dxc4 {[%emt 0:00:01]} 5. Bg2 {[%emt 0:00:01]} c5 {[%emt 0:00:01]} 6. O-O {[%emt 0:00:01]} Nc6 {[%emt 0:00:01]} 7. Qa4 {[%emt 0:00:01]} cxd4 {[%emt 0:00:01]} 8. Ne5 {[%emt 0:00:01]} Nd7 {[%emt 0:00:01]} 9. Nxc4 {[%emt 0:00:01]} Be7 {[%emt 0:00:02]} 10. Bxc6 {[%emt 0:00:01]} bxc6 {[%emt 0:00:01]} 11. Qxc6 {[%emt 0:00:01]} Rb8 {[%emt 0:00:01]} 12. Bf4 {[%emt 0:00:04]} Rb4 {[%emt 0:00:01]} 13. Rd1 {[%emt 0:00:04]} O-O {[%emt 0:00:04]} 14. Rxd4 {[%emt 0:00:02]} Bf6 {[%emt 0:00:04]} 15. a3 {[%emt 0:00:03]} Rxb2 {[%emt 0:00:05]} 16. Bc7 {[%emt 0:00:03]} Qe8 {[%emt 0:00:03]} 17. Nc3 {[%emt 0:00:03]} h5 {[%emt 0:00:01]} 18. Nd6 {[%emt 0:00:03]} Bb7 {[%emt 0:00:03]} 19. Nxe8 {[%emt 0:00:01]} Bxc6 {[%emt 0:00:01]} 20. Nxf6+ {[%emt 0:00:01]} Nxf6 {[%emt 0:00:01]} 21. h4 {[%emt 0:00:03]} Ng4 {[%emt 0:00:02]} 22. f3 {[%emt 0:00:02]} f5 {[%emt 0:00:03]} 23. fxg4 {[%emt 0:00:01]} hxg4 {[%emt 0:00:01]} 24. Rad1 {[%emt 0:00:02]} Kh7 {[%emt 0:00:02]} 25. Be5 {[%emt 0:00:02]} Re8 {[%emt 0:00:02]} 26. Rd8 {[%emt 0:00:02]} Rxd8 {[%emt 0:00:02]} 27. Rxd8 {[%emt 0:00:01]} Rc2 {[%emt 0:00:01]} 28. Kf2 {[%emt 0:00:01]} a6 {[%emt 0:00:01]} 29. Rc8 {[%emt 0:00:01]} Bf3 {[%emt 0:00:01]} 30. Rc7 {[%emt 0:00:01]} Kh6 {[%emt 0:00:01]} 31. Ke3 {[%emt 0:00:01]} Bg2 {[%emt 0:00:01]} 32. Rxg7 {[%emt 0:00:00]} Kh5 {[%emt 0:00:01]} 33. Kd3 {[%emt 0:00:01]} Rb2 {[%emt 0:00:01]} 34. Bf4 {[%emt 0:00:01]} Rb3 {[%emt 0:00:01]} 35. Rg5+ {[%emt 0:00:01]} Kh6 {[%emt 0:00:00]} 36. Rxf5+ {[%emt 0:00:00]} Kg6 {[%emt 0:00:01]} 37. Ra5 {[%emt 0:00:01]} Rb6 {[%emt 0:00:01]} 38. Ne4 {[%emt 0:00:01]} e5 {[%emt 0:00:00]} 39. Rxe5 {[%emt 0:00:01]} Kg7 {[%emt 0:00:00]} 40. Nc5 {[%emt 0:00:01]} Bf1 {[%emt 0:00:01]} 41. Re8 {[%emt 0:00:01]} Rc6 {[%emt 0:00:01]} 42. Kd4 {[%emt 0:00:01]} Kf7 {[%emt 0:00:00]} 43. Re3 {[%emt 0:00:00]} Rc8 {[%emt 0:00:01]} 44. h5 {[%emt 0:00:01]} Kg8 {[%emt 0:00:00]} 45. Re7 {[%emt 0:00:00]} a5 {[%emt 0:00:00]} 46. e4 {[%emt 0:00:01]} Rf8 {[%emt 0:00:00]} 47. a4 {[%emt 0:00:01]} Rc8 {[%emt 0:00:01]} 48. Ra7 {[%emt 0:00:01]} Rf8 {[%emt 0:00:01]} 49. Ne6 {[%emt 0:00:00] . '} Re8 {[%emt 0:00:00]} 0-1

[Event "Test Tournament"]
[Site "Emanuel Lasker Arena"]
[Date "2024.04.09"]
[Round "1"]
[White "PinPointPro"]
[Black "Sauerbruch"]
[Result "*"]
[WhiteElo "1984"]
[BlackElo "1620"]
[PlyCount "70"]
[EventDate "2024.04.09"]
[EventType "swiss (blitz)"]

{Sauerbruch resigns PinPointPro resigns} 1. d4 {[%emt 0:00:01]} Nf6 {[%emt 0:00:01]} 2. c4 {[%emt 0:00:01]} e5 {[%emt 0:00:01]} 3. e3 {[%emt 0:00:01]} exd4 {[%emt 0:00:01]} 4. exd4 {[%emt 0:00:01]} d5 {[%emt 0:00:01]} 5. Nf3 {[%emt 0:00:01]} Bd6 {[%emt 0:00:01]} 6. Nc3 {[%emt 0:00:01]} O-O {[%emt 0:00:01]} 7. cxd5 {[%emt 0:00:01]} h6 {[%emt 0:00:01]} 8. Be2 {[%emt 0:00:01]} Nbd7 {[%emt 0:00:01]} 9. O-O {[%emt 0:00:01]} Nb6 {[%emt 0:00:01]} 10. Ne5 {[%emt 0:00:01]} Nbxd5 {[%emt 0:00:01]} 11. Qb3 {[%emt 0:00:04]} c6 {[%emt 0:00:01]} 12. Re1 {[%emt 0:00:04]} Re8 {[%emt 0:00:04]} 13. Bf3 {[%emt 0:00:03]} Qc7 {[%emt 0:00:03]} 14. Bxd5 {[%emt 0:00:03]} Nxd5 {[%emt 0:00:01]} 15. Nxd5 {[%emt 0:00:01]} cxd5 {[%emt 0:00:01]} 16. Qxd5 {[%emt 0:00:03]} Be6 {[%emt 0:00:03]} 17. Qb5 {[%emt 0:00:03]} Qc2 {[%emt 0:00:03]} 18. Qxb7 {[%emt 0:00:03]} h5 {[%emt 0:00:03]} 19. Bg5 {[%emt 0:00:02]} f6 {[%emt 0:00:03]} 20. d5 {[%emt 0:00:01]} Bc5 {[%emt 0:00:02]} 21. dxe6 {[%emt 0:00:01]} Qxf2+ {[%emt 0:00:01]} 22. Kh1 {[%emt 0:00:00]} fxe5 {[%emt 0:00:01]} 23. Rxe5 {[%emt 0:00:01]} Bd4 {[%emt 0:00:02]} 24. Bh4 {[%emt 0:00:02]} Qf4 {[%emt 0:00:03]} 25. Re4 {[%emt 0:00:02]} Qd2 {[%emt 0:00:02]} 26. Rf1 {[%emt 0:00:02]} Rf8 {[%emt 0:00:01]} 27. Ree1 {[%emt 0:00:01]} Qe2 {[%emt 0:00:01]} 28. Qf7+ {[%emt 0:00:01]} Rxf7 {[%emt 0:00:01]} 29. exf7+ {[%emt 0:00:01]} Kf8 {[%emt 0:00:01]} 30. Rxe2 {[%emt 0:00:01]} Bc5 {[%emt 0:00:01]} 31. Re5 {[%emt 0:00:01]} Bd6 {[%emt 0:00:01]} 32. Rxh5 {[%emt 0:00:01]} g6 {[%emt 0:00:01]} 33. Rh8+ {[%emt 0:00:01]} Kg7 {[%emt 0:00:01]} 34. Rxa8 {[%emt 0:00:01]} Bc5 {[%emt 0:00:01]} 35. f8=B+ {[%emt 0:00:01]} Kh7 {[%emt 0:00:01]} *

[Event "Test Tournament"]
[Site "Emanuel Lasker Arena"]
[Date "2024.04.02"]
[Round "1"]
[White "ArrowPlay"]
[Black "Leuwe"]
[Result "*"]
[WhiteElo "1983"]
[BlackElo "2250"]
[Annotator "RC"]
[PlyCount "86"]
[EventDate "2024.04.02"]
[EventType "swiss (blitz)"]

1. e4 {[%emt 0:00:01]} e5 {[%emt 0:00:01]} 2. Nf3 {[%emt 0:00:01]} Nc6 {[%emt 0:00:01]} 3. Bb5 {[%emt 0:00:01]} a6 {[%emt 0:00:01]} 4. Ba4 {[%emt 0:00:01]} d6 {[%emt 0:00:01]} 5. O-O {[%emt 0:00:01]} Bd7 {[%emt 0:00:01]} 6. c3 {[%emt 0:00:01]} g6 {[%emt 0:00:01]} 7. d4 {[%emt 0:00:01]} Bg7 {[%emt 0:00:01]} 8. d5 {[%emt 0:00:01]} Nce7 {[%emt 0:00:01]} 9. Bxd7+ {[%emt 0:00:01]} Qxd7 {[%emt 0:00:01]} 10. c4 {[%emt 0:00:01]} h6 {[%emt 0:00:01]} 11. Qb3 {[%emt 0:00:01]} b6 {[%emt 0:00:01]} 12. Nc3 {[%emt 0:00:01]} f5 {[%emt 0:00:01]} 13. Nh4 {[%emt 0:00:01]} f4 {[%emt 0:00:01]} 14. Qd1 {[%emt 0:00:02]} Nf6 {[%emt 0:00:01]} 15. f3 {[%emt 0:00:01]} g5 {[%emt 0:00:01]} 16. Nf5 {[%emt 0:00:01]} Nxf5 {[%emt 0:00:01]} 17. exf5 {[%emt 0:00:00]} Qxf5 {[%emt 0:00:00]} 18. Bd2 {[%emt 0:00:02]} O-O {[%emt 0:00:01]} 19. Re1 {[%emt 0:00:01]} g4 {[%emt 0:00:01]} 20. b4 {[%emt 0:00:01]} Rae8 {[%emt 0:00:01]} 21. Rc1 {[%emt 0:00:01]} gxf3 {[%emt 0:00:02]} 22. Qxf3 {[%emt 0:00:00]} Qg6 {[%emt 0:00:01]} 23. c5 {[%emt 0:00:01]} Kh8 {[%emt 0:00:02]} 24. h3 {[%emt 0:00:02]} dxc5 {[%emt 0:00:01]} 25. bxc5 {[%emt 0:00:01]} bxc5 {[%emt 0:00:00]} 26. Ne4 {[%emt 0:00:02]} Nxd5 {[%emt 0:00:02]} 27. Kh2 {[%emt 0:00:01]} c4 {[%emt 0:00:02]} 28. Rxc4 {[%emt 0:00:00]} c6 {[%emt 0:00:01]} 29. Rec1 {[%emt 0:00:03]} Re6 {[%emt 0:00:01]} 30. Qg4 {[%emt 0:00:01]} Qxg4 {[%emt 0:00:01]} 31. hxg4 {[%emt 0:00:01]} Rg6 {[%emt 0:00:01]} 32. Rxc6 {[%emt 0:00:01]} Rxg4 {[%emt 0:00:00]} 33. Rxa6 {[%emt 0:00:00]} Nf6 {[%emt 0:00:01]} 34. Rc4 {[%emt 0:00:02]} Rg8 {[%emt 0:00:02]} 35. a4 {[%emt 0:00:01]} h5 {[%emt 0:00:02]} 36. Ra7 {[%emt 0:00:02]} Rd8 {[%emt 0:00:02]} 37. Ba5 {[%emt 0:00:02]} Rh4+ {[%emt 0:00:01]} 38. Kg1 {[%emt 0:00:01]} Rd1+ {[%emt 0:00:01]} 39. Kf2 {[%emt 0:00:01]} Nxe4+ {[%emt 0:00:00]} 40. Rxe4 {[%emt 0:00:08]} Rhh1 {[%emt 0:00:01]} 41. Bc3 {[%emt 0:00:02]} Rc1 {[%emt 0:00:01]} 42. Rc4 {[%emt 0:00:01]} Rc2+ {[%emt 0:00:01]} 43. Kf3 {[%emt 0:00:01]} e4+ {[%emt 0:00:06]} *

[Event "Test Tournament"]
[Site "Emanuel Lasker Arena"]
[Date "2024.04.09"]
[Round "1"]
[White "Local Hero"]
[Black "Daenerys"]
[Result "1-0"]
[WhiteElo "1983"]
[BlackElo "1922"]
[Annotator "RC"]
[PlyCount "29"]
[EventDate "2024.04.09"]
[EventType "swiss (blitz)"]

1. d4 {[%emt 0:00:01]} f5 {[%emt 0:00:01]} 2. g3 {[%emt 0:00:01]} Nf6 {[%emt 0:00:01]} 3. Bg2 {[%emt 0:00:01]} g6 {[%emt 0:00:01]} 4. Nf3 {[%emt 0:00:01]} Bg7 {[%emt 0:00:01]} 5. O-O {[%emt 0:00:01]} O-O {[%emt 0:00:01]} 6. c4 {[%emt 0:00:01]} d6 {[%emt 0:00:01]} 7. Nc3 {[%emt 0:00:01]} c6 {[%emt 0:00:01]} 8. d5 {[%emt 0:00:01]} e5 {[%emt 0:00:02]} 9. dxe6 {[%emt 0:00:01]} Bxe6 {[%emt 0:00:01]} 10. b3 {[%emt 0:00:01]} Na6 {[%emt 0:00:02]} 11. Bb2 {[%emt 0:00:01]} Qe7 {[%emt 0:00:01]} 12. Nd4 {[%emt 0:00:01]} Bf7 {[%emt 0:00:01]} 13. Qd2 {[%emt 0:00:01]} h6 {[%emt 0:00:04]} 14. Rad1 {[%emt 0:00:04]} Nc5 {[%emt 0:00:03]} 15. e3 {[%emt 0:00:02] Local Hero resigns Daenerys resigns (Lag: Av=0.05s, max=0.1s)} 1-0

[Event "Test Tournament"]
[Site "Emanuel Lasker Arena"]
[Date "2024.04.09"]
[Round "1"]
[White "Local Hero"]
[Black "Dominatrix"]
[Result "*"]
[WhiteElo "1983"]
[BlackElo "1733"]
[PlyCount "56"]
[EventDate "2024.04.09"]
[EventType "swiss (blitz)"]

{Dominatrix resigns Local Hero resigns} 1. c4 {[%emt 0:00:01]} c6 {[%emt 0:00:01]} 2. Nf3 {[%emt 0:00:01]} Nf6 {[%emt 0:00:01]} 3. Nc3 {[%emt 0:00:05]} d5 {[%emt 0:00:01]} 4. e3 {[%emt 0:00:01]} g6 {[%emt 0:00:04]} 5. d4 {[%emt 0:00:01]} Bg7 {[%emt 0:00:01]} 6. Be2 {[%emt 0:00:01]} O-O {[%emt 0:00:01]} 7. O-O {[%emt 0:00:01]} Ne4 {[%emt 0:00:02]} 8. Qb3 {[%emt 0:00:01]} dxc4 {[%emt 0:00:01]} 9. Bxc4 {[%emt 0:00:01]} Nd6 {[%emt 0:00:04]} 10. Be2 {[%emt 0:00:00]} Qa5 {[%emt 0:00:04]} 11. e4 {[%emt 0:00:01]} Bg4 {[%emt 0:00:03]} 12. e5 {[%emt 0:00:04]} Be6 {[%emt 0:00:03]} 13. d5 {[%emt 0:00:03]} cxd5 {[%emt 0:00:01]} 14. exd6 {[%emt 0:00:01]} d4 {[%emt 0:00:03]} 15. Qxb7 {[%emt 0:00:04]} dxc3 {[%emt 0:00:01]} 16. dxe7 {[%emt 0:00:01]} Re8 {[%emt 0:00:01]} 17. bxc3 {[%emt 0:00:01]} Bd5 {[%emt 0:00:02]} 18. Qb5 {[%emt 0:00:03]} Qxb5 {[%emt 0:00:01]} 19. Bxb5 {[%emt 0:00:01]} Rxe7 {[%emt 0:00:01]} 20. Bf4 {[%emt 0:00:03]} Bxc3 {[%emt 0:00:01]} 21. Rad1 {[%emt 0:00:02]} g5 {[%emt 0:00:02]} 22. Bxb8 {[%emt 0:00:01]} Bxa2 {[%emt 0:00:01]} 23. Rd8+ {[%emt 0:00:02]} Kg7 {[%emt 0:00:01]} 24. Rc1 {[%emt 0:00:01]} h5 {[%emt 0:00:09]} 25. Rxc3 {[%emt 0:00:01]} a5 {[%emt 0:00:01]} 26. Nxg5 {[%emt 0:00:02]} Re2 {[%emt 0:00:01]} 27. Bxe2 {[%emt 0:00:01]} Kf6 {[%emt 0:00:01]} 28. Nh7+ {[%emt 0:00:01]} Ke7 {[%emt 0:00:01]} *